000 00493nam a2200169Ia 4500
008 230917s9999||||xx |||||||||||||| ||und||
020 _cRS575
040 _e228406
_aMAIN
041 _aEnglish
082 _a005.1 G978S
100 _aGustafson, David A
245 0 _aSchaum's outline of theory and problems of software engineering
260 _aNew Delhi
_bMcGraw Hill Education
_c2011
300 _aix, 223 p.
500 _a2119 17/09/2015 HBD15/1006 17/11/2015 Main Budget
942 _cBK
999 _c16062
_d16062